| 000 | 00554nam a2200181 a 4500 | ||
|---|---|---|---|
| 005 | 20221118063526.0 | ||
| 008 | 991125n1960 mx 000 0 spa u | ||
| 035 | _aUPN01000034419 | ||
| 049 | _aLT | ||
| 050 | 4 |
_aLB1573 M6.5 _bL4.4 1960 |
|
| 100 | 1 |
_aLeón Nogueira, Ernesto _928993 |
|
| 245 | 1 | 0 |
_aLecturas escogidas para el quinto año de escuela primaria / _cErnesto León Nogueira. |
| 260 |
_aMéxico : _bAvante, _c1960. |
||
| 300 | _a274 p | ||
| 440 | 0 | _aSerie Esther | |
| 650 | 4 |
_aLectura _xEstudio y enseñanza (Elemental) _92805 |
|
| 905 | _aLibro | ||
| 999 |
_c34419 _d34419 |
||